ห้องสมุด วิทยาลัยพยาบาลบรมราชชนนี อุดรธานี
Boromarajonani College of Nursing, Udonthani
เปลี่ยนเป็นภาษาไทย

Change to English
 แสดงรายละเอียดบรรณานุกรม
  กลับหน้าหลัก

Brief Record : Get Marc (ISO 2709) : E-mail record : QR code ปิดหน้าต่าง
หนังสืออ้างอิง : เกี่ยวกับ Collections
mysqli: Table './ulib2015/stat_globaluid' is marked as crashed and last (automatic?) repair failed
select id from stat_globaluid where statuid='20260419172846_3475' 
mysqli: Table './ulib2015/stat_globaluid' is marked as crashed and last (automatic?) repair failed
DELETE FROM stat_globaluid
			WHERE id NOT IN (
			  SELECT id
			  FROM (
				SELECT id
				FROM stat_globaluid
				ORDER BY id DESC
				LIMIT 100
			  ) foo
			); 
mysqli: Table './ulib2015/stat_globaluid' is marked as crashed and last (automatic?) repair failed
insert into stat_globaluid set
		statuid='20260419172846_3475',
		dt='1776594526',
		phpself='/ULIB/dublinfull.php',
		agent='Mozilla/5.0 AppleWebKit/537.36 (KHTML, like Gecko; compatible; ClaudeBot/1.0; +claudebot@anthropic.com)',
		yea='2026',
		mon='4',
		dat='19',
		ip='216.73.216.142'
		
		
LEADER 00000nam 2200000uu 4500
001    14808
003     ULIBM
008    120612s1998||||th 000 0 eng d
020    974-86449-7-9
041 1  tha^heng
050  4 PE^bL619E 1998
100 1  ไลเซ็นเบอร์กส, โรเบิร์ต
245 10 English for Nurses Health & Health Care Students /^cby Robert Liesenborghs
260    Bangkok:^bPrinted in Thailand,^cc1998
300    37 p.
650  7 English Students
700 1  Liesenborghs, Robert
945    ^p0^l0^i15750
945    ^p0^l0^i15751
945    ^p0^l0^i15752
945    ^p0^l0^i15753
945    ^p0^l0^i15754
945    ^p0^l0^i15755
945    ^p0^l0^i15756
945    ^p0^l0^i15757
945    ^p0^l0^i15758
945    ^p0^l0^i15759
945    ^p0^l0^i15760
945    ^p0^l0^i15761
945    ^p0^l0^i15762
945    ^p0^l0^i15763
945    ^p0^l0^i15764
945    ^p0^l0^i15765
945    ^p0^l0^i15766
945    ^p0^l0^i15767
945    ^p0^l0^i15768
999     ลิขิตลักษณ์
รายการนี้ยังไม่มีแท็ก
คุณยังไม่ได้ล็อกอิน คุณสามารถมีกิจกรรมร่วมกับเว็บไซต์ได้ แต่ต้องล็อกอินก่อน ::
  ล็อกอิน
ลำดับที่ ประเภท เลขเรียก/บาร์โค้ด สถานที่ สถานะ
1. หนังสือการพยาบาล
หนังสือการพยาบาล
PE L619E 1998  
  Barcode: 15750
หนังสือทั่วไป On Shelf
2. หนังสือการพยาบาล
หนังสือการพยาบาล
PE L619E 1998 ฉ.2 
  Barcode: 15751
หนังสือทั่วไป On Shelf
3. หนังสือการพยาบาล
หนังสือการพยาบาล
PE L619E 1998 ฉ.3 
  Barcode: 15752
หนังสือทั่วไป On Shelf
4. หนังสือการพยาบาล
หนังสือการพยาบาล
PE L619E 1998 ฉ.4 
  Barcode: 15753
หนังสือทั่วไป On Shelf
5. หนังสือการพยาบาล
หนังสือการพยาบาล
PE L619E 1998 ฉ.5 
  Barcode: 15754
หนังสือทั่วไป On Shelf
6. หนังสือการพยาบาล
หนังสือการพยาบาล
PE L619E 1998 ฉ.6 
  Barcode: 15755
หนังสือทั่วไป On Shelf
7. หนังสือการพยาบาล
หนังสือการพยาบาล
PE L619E 1998 ฉ.7 
  Barcode: 15756
หนังสือทั่วไป On Shelf
8. หนังสือการพยาบาล
หนังสือการพยาบาล
PE L619E 1998 ฉ.8 
  Barcode: 15757
หนังสือทั่วไป On Shelf
9. หนังสือการพยาบาล
หนังสือการพยาบาล
PE L619E 1998 ฉ.9 
  Barcode: 15758
หนังสือทั่วไป On Shelf
10. หนังสือการพยาบาล
หนังสือการพยาบาล
PE L619E 1998 ฉ.10 
  Barcode: 15759
หนังสือทั่วไป On Shelf
11. หนังสือการพยาบาล
หนังสือการพยาบาล
PE L619E 1998 ฉ.11 
  Barcode: 15760
หนังสือทั่วไป On Shelf
12. หนังสือการพยาบาล
หนังสือการพยาบาล
PE L619E 1998 ฉ.12 
  Barcode: 15761
หนังสือทั่วไป On Shelf
  1 2 [2]   [แสดง 12/19 รายการ]

mysqli: Can't create/write to file '/var/tmp/#sql_59d_0.MAI' (Errcode: 2)
select * from index_db where titl like '%English for Nurses Health & Health Care Students / by Robert Liesenborghs%' and mid<>'14808'  order by rand() limit 3
mysqli: Can't create/write to file '/var/tmp/#sql_59d_0.MAI' (Errcode: 2)
select * from index_db where auth like '%ไลเซ็นเบอร์กส, โรเบิร์ต%' and mid<>'14808'  order by rand() limit 3
mysqli: Can't create/write to file '/var/tmp/#sql_59d_0.MAI' (Errcode: 2)
select * from index_db where subj like '%English Students%' and mid<>'14808'  order by rand() limit 3

BibComment


ยังไม่เคยถูกคอมเมนท์

คอมเมนท์ทรัพยากรรายการนี้
  คอมเมนท์: English for Nurse..
Bib 14808

 
 
 

 Union Library Management : ULibM
Copyright 2026. All Rights Reserved.